| 000 | 00751nam a22002055i 4500 | ||
|---|---|---|---|
| 001 | 157595 | ||
| 003 | ES-MaACL | ||
| 005 | 20250729063230.0 | ||
| 008 | 040902q18801900gw af |||| | ger d | ||
| 040 |
_aCAM _bspa _cCAM |
||
| 100 | 1 |
_aLessing, Gotthold Ephraim, _d1729-1781 _971851 |
|
| 245 | 1 | 0 |
_aLessing's Werke _b: in sechs Bänden. |
| 260 |
_aLeipzig : _bDruck und Verlag von Philipp Reclam jun., _c[s.a.] |
||
| 300 |
_a2 v. (600, 340, [1] h. de lám.; 320, 299, 370 p., [6] h. de lám.) : _bil. ; _c17 cm. |
||
| 596 | _aImpreso ca. a finales del S. XIX. | ||
| 597 | _a6 t. en 2 v. | ||
| 597 | _aLa secuencia de 600 p. corresponde a los t. I-II. | ||
| 852 |
_aES-MaACL _jG-432-33 _z-- Enc. tela grabada |
||
| 999 |
_c157595 _d157595 |
||